000 00512nam a2200169Ia 4500
008 240729s9999 xx 000 0 und d
022 _a2080-9999
245 0 _aBaltic Journal of Health and Physical Activity
260 _aPoland
260 _bAkademia Wychowania Fizycznego i Sportu w Gdansku
650 _a Recreation. Leisure
650 _a Sports
650 _aGeography. Anthropology. Recreation
856 _uhttps://doaj.org/toc/acb08075a5f0445d89708aeeee109603
942 _2ddc
942 _cDOAJEJ
999 _c72002
_d72002
945 _a1
_bMadushi Gamage
_c1
_dMadushi Gamage